| 000 | 00469cam a22001337a 4500 | ||
|---|---|---|---|
| 008 | 180718b1949 xxu||||| |||| 00| 0 eng d | ||
| 082 | _aC4x54 In2m | ||
| 100 | _aIndia. Commission for the drafting of model constitution for Indian States | ||
| 245 | _aReport of the commission for the drafting of a model constitution for the Indian states | ||
| 260 |
_aNew Delhi _bThe author _c1949 |
||
| 300 | _a54+p. | ||
| 500 | _aChairman: B.N. Rau | ||
| 700 | _aRau, B.N. (Chairman) | ||
| 999 |
_c489212 _d489212 |
||